000 00208 a2200097 4500
001 2992
100 _aFerguson, H
245 _aThe science of pleasure
260 _a
_bRoutledge book
_c
090 _c2279
_d2279
942 _aNUST-CAE
_cM
_c14213
999 _c238065
_d238065